| 000 | 00970nam a2200229Ia 4500 | ||
|---|---|---|---|
| 003 | Ost | ||
| 005 | 20260507075426.0 | ||
| 008 | 260507s9999||||xx |||||||||||||| ||und|| | ||
| 020 | _a9957477110 | ||
| 040 | _cfsecg | ||
| 041 | _aara | ||
| 082 | _a346.4 | ||
| 100 |
_aالربيع، وليد خالد _eمؤلف |
||
| 245 | 0 |
_aالالتزام في التصرفات المالية في الفقه الاسلامي / _c وليد خالد الربيع |
|
| 260 |
_aعمان: _bدار النفائس, _c2007 |
||
| 300 |
_a520 صفحة؛ _bإيضاحات ؛ _c25 سم |
||
| 504 | _aببليوغرافيا: ص.501-515 | ||
| 520 | _aالالتزام بدفع الأموال، الالتزام بنزع الأموال، الالتزام بالانتفاع يملك الغير، الالتزام بازالة الضرر، الالتزام بصيانة وعمارة الاملاك | ||
| 653 | _aالالتزامات | ||
| 653 | _aفقه اسلامي | ||
| 942 | _cكتاب | ||
| 999 |
_c44483 _d44483 |
||